[Event "La Vila Region-ch Preferente"]
[Site "La Vila"]
[Date "2015.11.21"]
[Round "7.8"]
[White "Agullo Valcarcel, Carlos"]
[Black "Domene Corral, Jose Luis"]
[Result "1-0"]
[WhiteElo "1688"]
[BlackElo "1514"]
[PlyCount "56"]
[EventDate "2015.10.03"]
[EventType "swiss"]
[EventRounds "7"]
[EventCountry "ESP"]
[SourceTitle "EXT 2024"]
[Source "ChessBase"]
[SourceDate "2023.10.10"]
[SourceVersion "1"]
[SourceVersionDate "2023.10.10"]
[SourceQuality "1"]

1. Nc3 Nf6 2. d4 g6 3. e4 d6 4. Be3 Bg7 5. Qd2 Ng4 6. Bg5 h6 7. Bh4 Nd7 8. h3 Ngf6 9. f4 e5 10. 0-0-0 exf4 11. Nf3 g5 12. Nxg5 0-0 13. Nf3 Qe8 14. Qxf4 Nh5 15. Qd2 c6 16. Bd3 b5 17. g4 Nhf6 18. Qf4 b4 19. Nb1 Qe6 20. b3 a5 21. g5 Nh5 22. Qh2 a4 23. Rhe1 Nb6 24. gxh6 Bxh6+ 25. Kb2 Nf4 26. Rg1+ Kh8 27. Ng5 a3+ 28. Ka1 Qf6 1-0